000 00446nam a2200169Ia 4500
008 220803s9999 xx 000 0 und d
020 _a978-81-908528-1-4
041 _aeng
082 _a720.9 JAI
100 _aJain K
_929554
245 _aArchitecture Conceptual To The Manifest
260 _aAhmedabad
_bAADI Centre
_c2012
300 _a191p
500 _aArchitecture
650 _aHistory Of Architecture
_929555
700 _aJain K
_929554
999 _c18494
_d18494